000 00990cam a22002531 4500
001 tmp46000616
003 DLC
005 20260227112752.0
008 010707s1830 pau 000 0 eng
010 _atmp46000616
040 _aDLC
_cCarP
_dDLC
043 _an-us-pa
050 0 0 _aHD6096.P5
_bC3
051 _aH33
_b.C3 no. 14
_cAnother copy of the third letter is in his Miscellaneous pamphlets. [Philadelphia, 1831] 24 cm. no. 14
100 1 _aCarey, Mathew,
_d1760-1839.
245 1 0 _aTo the printer of the Delaware advertiser.
260 _a[Philadelphia,
_c1830]
300 _a4, 4, 4 p.
_c21 cm.
500 _aCaption title.
500 _aThree letters on the low wages paid to women, signed by M. Carey, and dated February 9, March 1, and March 30? 1830.
500 _aLC copy of third letter imperfect: four lines at bottom of each page cut off.
_5DLC
650 0 _aWomen
_xEmployment
_zPennsylvania
_zPhiladelphia.
650 0 _aWages
_xWomen
_zPennsylvania
_zPhiladelphia.
999 _c90998
_d90998